LIBRARY ONLINE CATALOGUE

Introduction to radiation protection (Record no. 17718)

MARC details
000 -LEADER
fixed length control field 00718nam a22002057a 4500
008 - FIXED-LENGTH DATA ELEMENTS--GENERAL INFORMATION
fixed length control field 190603b xxu||||| |||| 00| 0 eng d
020 ## - INTERNATIONAL STANDARD BOOK NUMBER
International Standard Book Number 3642025853
040 ## - CATALOGING SOURCE
Original cataloging agency KABU
Transcribing agency KABU
050 ## - LIBRARY OF CONGRESS CALL NUMBER
Classification number RA569
Item number .G78 2010 c. 1
100 ## - MAIN ENTRY--PERSONAL NAME
Personal name Grupen, Claus
245 ## - TITLE STATEMENT
Title Introduction to radiation protection
Remainder of title practical knowledge for handling radioactive sources
Statement of responsibility, etc. Claus Grupen, Ulrich Werthenbach and Tilo Stroh
260 ## - PUBLICATION, DISTRIBUTION, ETC. (IMPRINT)
Place of publication, distribution, etc. New York
Name of publisher, distributor, etc. Springer
Date of publication, distribution, etc. 2010
300 ## - PHYSICAL DESCRIPTION
Extent xiii, 417 p.
650 ## - SUBJECT ADDED ENTRY--TOPICAL TERM
Topical term or geographic name as entry element Ionizing radiation
General subdivision Safety measures
650 ## - SUBJECT ADDED ENTRY--TOPICAL TERM
Topical term or geographic name as entry element Radioactive substances
General subdivision Safety measures
650 ## - SUBJECT ADDED ENTRY--TOPICAL TERM
Topical term or geographic name as entry element Radiation
General subdivision Dosage
-- Safety measures
700 ## - ADDED ENTRY--PERSONAL NAME
Personal name Werthenbach, Ulrich
700 ## - ADDED ENTRY--PERSONAL NAME
Personal name Stroh, Tilo
942 ## - ADDED ENTRY ELEMENTS (KOHA)
Source of classification or shelving scheme Library of Congress Classification
Koha item type General Collection
Classification part RA569
Holdings
Withdrawn status Lost status Source of classification or shelving scheme Not for loan Home library Current library Date acquired Cost, normal purchase price Total Checkouts Full call number Barcode Date last seen Copy number Price effective from Koha item type
    Library of Congress Classification   Kabarak, Main Campus Kabarak, Main Campus 03/06/2019 14850.00   RA569 .G78 2010 c. 1 022392 03/06/2019 c. 1 03/06/2019 General Collection